<?xml version="1.0" encoding="UTF-8"?>
<collection xmlns="http://www.loc.gov/MARC21/slim">
 <record>
  <leader>01715aam a22002778a 4500</leader>
  <controlfield tag="001">NCT_19265</controlfield>
  <controlfield tag="008">070312s2006                  ||||||viesd</controlfield>
  <datafield tag="999" ind1=" " ind2=" ">
   <subfield code="c">913</subfield>
   <subfield code="d">913</subfield>
  </datafield>
  <datafield tag="020" ind1=" " ind2=" ">
   <subfield code="c">299000</subfield>
   <subfield code="a">9786047327119</subfield>
  </datafield>
  <datafield tag="082" ind1="0" ind2="4">
   <subfield code="2">23rd ed.</subfield>
   <subfield code="a">354.3</subfield>
   <subfield code="b">M452</subfield>
  </datafield>
  <datafield tag="100" ind1="1" ind2=" ">
   <subfield code="a">Lâm Minh Triết</subfield>
   <subfield code="e">Chủ biên</subfield>
  </datafield>
  <datafield tag="245" ind1="1" ind2="0">
   <subfield code="a">Kỹ thuật môi trường =</subfield>
   <subfield code="b">Environmental engineering</subfield>
   <subfield code="c">Lâm Minh Triết (chủ biên)</subfield>
  </datafield>
  <datafield tag="260" ind1=" " ind2=" ">
   <subfield code="a">Tp. Hồ Chí Minh</subfield>
   <subfield code="b">Nxb. Đại học Quốc gia Tp. Hồ Chí Minh</subfield>
   <subfield code="c">2015</subfield>
  </datafield>
  <datafield tag="300" ind1=" " ind2=" ">
   <subfield code="a">746tr.</subfield>
   <subfield code="b">hình vẽ, bảng</subfield>
   <subfield code="c">24cm</subfield>
  </datafield>
  <datafield tag="500" ind1=" " ind2=" ">
   <subfield code="a">ĐTTS ghi: Đại học Quốc gia Tp. Hồ Chí Minh. Viện Tài nguyên Môi trường</subfield>
  </datafield>
  <datafield tag="520" ind1="3" ind2=" ">
   <subfield code="a">Trình bày khoa học cơ sở ứng dụng trong kĩ thuật môi trường. Các loại: kĩ thuật môi trường nước, môi trường không khí và chất thải rắn, chất thải nguy hại và cách giảm thiểu chất thải</subfield>
  </datafield>
  <datafield tag="655" ind1=" " ind2="7">
   <subfield code="a">Giáo trình</subfield>
  </datafield>
  <datafield tag="700" ind1="1" ind2=" ">
   <subfield code="a">Mai Tuấn Anh</subfield>
  </datafield>
  <datafield tag="700" ind1="1" ind2=" ">
   <subfield code="a">Đinh Xuân Thắng</subfield>
  </datafield>
  <datafield tag="700" ind1="1" ind2=" ">
   <subfield code="a">Nguyễn Thanh Hùng</subfield>
  </datafield>
  <datafield tag="700" ind1="1" ind2=" ">
   <subfield code="a">Nguyễn Đình Tuấn</subfield>
  </datafield>
  <datafield tag="942" ind1=" " ind2=" ">
   <subfield code="2">ddc</subfield>
   <subfield code="c">BK</subfield>
  </datafield>
  <datafield tag="952" ind1=" " ind2=" ">
   <subfield code="0">0</subfield>
   <subfield code="1">0</subfield>
   <subfield code="2">ddc</subfield>
   <subfield code="4">0</subfield>
   <subfield code="6">354_300000000000000_M452</subfield>
   <subfield code="7">0</subfield>
   <subfield code="9">5505</subfield>
   <subfield code="a">000001</subfield>
   <subfield code="b">000001</subfield>
   <subfield code="d">2017-12-05</subfield>
   <subfield code="l">3</subfield>
   <subfield code="o">354.3 M452</subfield>
   <subfield code="p">MD.04346</subfield>
   <subfield code="r">2020-03-02</subfield>
   <subfield code="s">2020-01-09</subfield>
   <subfield code="v">299000.00</subfield>
   <subfield code="w">2017-12-05</subfield>
   <subfield code="y">BK</subfield>
  </datafield>
  <datafield tag="952" ind1=" " ind2=" ">
   <subfield code="0">0</subfield>
   <subfield code="1">0</subfield>
   <subfield code="2">ddc</subfield>
   <subfield code="4">0</subfield>
   <subfield code="6">354_300000000000000_M452</subfield>
   <subfield code="7">0</subfield>
   <subfield code="9">5506</subfield>
   <subfield code="a">000001</subfield>
   <subfield code="b">000001</subfield>
   <subfield code="d">2017-12-05</subfield>
   <subfield code="l">2</subfield>
   <subfield code="o">354.3 M452</subfield>
   <subfield code="p">MD.04347</subfield>
   <subfield code="r">2020-03-23</subfield>
   <subfield code="s">2020-03-02</subfield>
   <subfield code="v">299000.00</subfield>
   <subfield code="w">2017-12-05</subfield>
   <subfield code="y">BK</subfield>
  </datafield>
  <datafield tag="952" ind1=" " ind2=" ">
   <subfield code="0">0</subfield>
   <subfield code="1">0</subfield>
   <subfield code="2">ddc</subfield>
   <subfield code="4">0</subfield>
   <subfield code="6">354_300000000000000_M452</subfield>
   <subfield code="7">0</subfield>
   <subfield code="9">5507</subfield>
   <subfield code="a">000001</subfield>
   <subfield code="b">000001</subfield>
   <subfield code="d">2017-12-05</subfield>
   <subfield code="o">354.3 M452</subfield>
   <subfield code="p">MD.04348</subfield>
   <subfield code="r">2017-12-05</subfield>
   <subfield code="v">299000.00</subfield>
   <subfield code="w">2017-12-05</subfield>
   <subfield code="y">BK</subfield>
  </datafield>
  <datafield tag="980" ind1=" " ind2=" ">
   <subfield code="a">Thư viện Trường Đại học Nam Cần Thơ</subfield>
  </datafield>
 </record>
</collection>
